00618nam a22002057a 4500010001300000020001500013035001300028037001800041040001200059082001500071100001900086245007400105260004100179270003300220300002200253650002800275650005000303650003900353700002000392 aB-063102 a8172249403 aB-063102 bCen Lib / Ret aDPLbEN a152.4bMCK aMcKay, Gary D. aThe power of emotional choice /cby Gary D. McKay [and] Don Dinkmeyer aMumai bJaico Publishers Housec1994 a121, Mahatma Gandhi bMumai  a278p ; c27cm(Hb) aRational choice theory. aBUSINESS & ECONOMICS -- Economics -- General. aBUSINESS & ECONOMICS -- Reference. aDinkmeyer, Don